Torsion free groups of rank two

Αποθηκεύτηκε σε:
Λεπτομέρειες βιβλιογραφικής εγγραφής
Κύριος συγγραφέας: Beaumont, Ross A. (Ross Allen) 1914-
Άλλοι συγγραφείς: Pierce, Robert Stanley
Μορφή: Βιβλίο
Γλώσσα:English
Δημοσίευση: Providence, Rhode Island : American Mathematical Society, 1961
Σειρά:Memoirs of the American Mathematical Society ; ; 38
Θέματα:
Ετικέτες: Προσθήκη ετικέτας
Δεν υπάρχουν, Καταχωρήστε ετικέτα πρώτοι!

MARC

LEADER 00000nam a2200000 i 4500
001 1/54057
008 941103s1961 eng d
035 |a 1993  |l 10044885 
040 |a GR-MY-UA  |b gre  |e aacr 
041 0 |a eng 
082 0 |a 512.2 
100 1 |a Beaumont, Ross A.  |q (Ross Allen)  |d 1914- 
245 1 0 |a Torsion free groups of rank two /  |c by R.A. Beaumontm and R.S. Pierce 
260 |a Providence, Rhode Island :   |b American Mathematical Society,   |c 1961 
300 |a 44 p.;  |c 24 cm. 
490 1 |a Memoirs of the American Mathematical Society  |v ; 38 
500 |a Includes bibliographical references 
650 0 0 |a Group theory. 
700 1 |a Pierce, Robert Stanley. 
830 0 |a Memoirs of the American Mathematical Society ;  |v ; 38 
852 |a INST  |b SAMOS  |e 19941103  |h 512.2 BEA  |p 005300002733  |q 005300002733  |t BK  |y 0 
909 |a Σ  |b 030514